[Event "Women's Speed Chess Q1"]
[Site "chess.com INT"]
[Date "2020.06.18"]
[Round "5"]
[White "Bartel, Marta"]
[Black "Aakanksha, Hagawane"]
[Result "1/2-1/2"]
[WhiteTitle "WGM"]
[BlackTitle "WIM"]
[WhiteElo "2192"]
[BlackElo "2238"]
[WhiteFideId "1123009"]
[BlackFideId "25014510"]
[EventDate "2020.06.18"]

1. d4 Nf6 2. Nf3 c5 3. d5 d6 4. Nc3 e6 5. e4 exd5 6. exd5 Be7 7. Bd3 O-O 8. O-O
a6 9. a4 Bg4 10. h3 Bxf3 11. Qxf3 Nbd7 12. Bf4 Re8 13. Rfe1 Bf8 14. g4 Ne5 15.
Bxe5 Rxe5 16. Rxe5 dxe5 17. g5 Nd7 18. h4 Rc8 19. b3 Qa5 20. Qf5 g6 21. Qxd7
Qxc3 22. Qxc8 Qxa1+ 23. Kg2 Qd4 24. Qxb7 Qg4+ 25. Kf1 Qd1+ 26. Kg2 e4 27. Bc4
Qg4+ 28. Kf1 Qd1+ 29. Kg2 Qg4+ 30. Kf1 Qd1+ 31. Kg2 1/2-1/2

[Event "Women's Speed Chess Q1"]
[Site "chess.com INT"]
[Date "2020.06.18"]
[Round "5"]
[White "Grigoryan, Meri"]
[Black "Sukandar, Irine Kharisma"]
[Result "1/2-1/2"]
[WhiteTitle "WFM"]
[BlackTitle "IM"]
[WhiteElo "2044"]
[BlackElo "2413"]
[WhiteFideId "13300571"]
[BlackFideId "7101937"]
[EventDate "2020.06.18"]

1. d4 Nf6 2. Nf3 b6 3. g3 Bb7 4. Bg2 g6 5. O-O Bg7 6. c3 O-O 7. Re1 c5 8. Bg5 h6
9. Bxf6 Bxf6 10. e4 cxd4 11. cxd4 d5 12. e5 Bg7 13. e6 f6 14. Qd3 f5 15. Ne5 Kh7
16. Nf7 Qc8 17. Nd2 Nc6 18. Nf3 Nd8 19. Rac1 Qb8 20. N3e5 Bxe5 21. Nxe5 Qd6 22.
Nd7 Re8 23. Bh3 Rc8 24. Bxf5 gxf5 25. Qxf5+ Kg7 26. Qg4+ Kh7 27. Qf5+ Kg7 28.
Rxc8 Bxc8 29. Qg4+ Kh7 30. Qf5+ Kg7 31. Qg4+ Kh7 32. Qf5+ Kg7 1/2-1/2

[Event "Women's Speed Chess Q1"]
[Site "chess.com INT"]
[Date "2020.06.18"]
[Round "5"]
[White "Kashlinskaya, Alina"]
[Black "Antova, Gabriela"]
[Result "1-0"]
[WhiteTitle "IM"]
[BlackTitle "FM"]
[WhiteElo "2494"]
[BlackElo "2255"]
[WhiteFideId "4198026"]
[BlackFideId "2915235"]
[EventDate "2020.06.18"]

1. d4 Nf6 2. c4 e6 3. Nf3 d5 4. Nc3 c6 5. Bg5 h6 6. Bh4 dxc4 7. e4 g5 8. Bg3 b5
9. Be2 Nbd7 10. d5 cxd5 11. exd5 a6 12. dxe6 fxe6 13. Nd4 Nc5 14. Bh5+ Nxh5 15.
Qxh5+ Kd7 16. O-O-O Nd3+ 17. Rxd3 cxd3 18. Be5 Rh7 19. Ne4 Bb7 20. Nf6+ Kc8 21.
Nxh7 Bc5 22. Nxe6 d2+ 23. Kd1 Qe7 24. Nxc5 Qxe5 25. Qg4+ Kc7 26. Qd7+ Kb6 27.
Qxb7+ Kxc5 28. Qxa8 Qxb2 29. Qc8+ Kb6 30. Qd8+ 1-0

[Event "Women's Speed Chess Q1"]
[Site "chess.com INT"]
[Date "2020.06.18"]
[Round "5"]
[White "Sedina, Elena"]
[Black "Nandhidhaa, P V"]
[Result "0-1"]
[WhiteTitle "IM"]
[BlackTitle "WGM"]
[WhiteElo "2299"]
[BlackElo "2365"]
[WhiteFideId "812153"]
[BlackFideId "5050847"]
[EventDate "2020.06.18"]

1. e4 c5 2. Nf3 e6 3. c3 Nf6 4. e5 Nd5 5. Bc4 Nc6 6. d4 cxd4 7. cxd4 d6 8. O-O
Be7 9. exd6 Qxd6 10. Nc3 O-O 11. Re1 Nf6 12. Bb3 Rd8 13. Be3 b6 14. Qe2 Bb7 15.
Rad1 Na5 16. Bc2 Rac8 17. Ne5 Nc6 18. Nb5 Qd5 19. f3 Nxe5 20. dxe5 Qxe5 21. Nxa7
Rxd1 22. Bxd1 Ra8 23. Nb5 Rxa2 24. Nc3 Ra1 25. Bxb6 Qxe2 26. Rxe2 Nd5 27. Rd2
Nxb6 28. Kf2 Nd5 29. Ne4 f5 0-1

[Event "Women's Speed Chess Q1"]
[Site "chess.com INT"]
[Date "2020.06.18"]
[Round "5"]
[White "Demchenko, Svitlana"]
[Black "Cori T., Deysi"]
[Result "1-0"]
[WhiteTitle "WIM"]
[BlackTitle "WGM"]
[WhiteElo "2071"]
[BlackElo "2388"]
[WhiteFideId "14149893"]
[BlackFideId "3801934"]
[EventDate "2020.06.18"]

1. e4 d5 2. exd5 Qxd5 3. Nc3 Qd6 4. g3 Nf6 5. Bg2 Bg4 6. Nge2 Nc6 7. d3 e5 8.
Be3 O-O-O 9. Qd2 Qd7 10. h3 Be6 11. O-O-O Bb4 12. a3 Ba5 13. Kb1 Nd5 14. Rhe1
Nxe3 15. Qxe3 Bb6 16. Qf3 f6 17. g4 h5 18. gxh5 Qf7 19. Ng3 Ba5 20. b4 Bb6 21.
Nce2 Bd5 22. Qf5+ Be6 23. Qf3 Rd7 24. c4 a5 25. b5 Nd8 26. Nc3 Bd4 27. Nce4 Qf8
28. Ka2 c6 29. Rb1 Rc7 30. Rec1 cxb5 31. Rxb5 Nc6 32. Nf5 Rd7 33. Rcb1 Bxf5 34.
Qxf5 b6 35. Nc3 Qd6 36. Na4 Bc5 37. Nxb6+ Bxb6 38. Rxb6 Qxd3 39. Qxd3 Rxd3 40.
Bxc6 Kc7 41. Bd5 Rd2+ 42. R1b2 Rxh5 43. Rb7+ Kc8 44. Rxd2 Rxh3 45. Rxg7 Rc3 46.
Rb2 a4 1-0

[Event "Women's Speed Chess Q1"]
[Site "chess.com INT"]
[Date "2020.06.18"]
[Round "5"]
[White "Bivol, Alina"]
[Black "Belenkaya, Dina"]
[Result "1-0"]
[WhiteTitle "WGM"]
[BlackTitle "WGM"]
[WhiteElo "2386"]
[BlackElo "2297"]
[WhiteFideId "4100123"]
[BlackFideId "24142654"]
[EventDate "2020.06.18"]

1. Nf3 d5 2. g3 Bg4 3. Bg2 e6 4. h3 Bh5 5. O-O Nf6 6. d3 c6 7. Qe1 Bc5 8. e4
dxe4 9. dxe4 Bxf3 10. Bxf3 e5 11. a4 a5 12. Na3 O-O 13. Nc4 Qc8 14. Bg2 Qe6 15.
b3 Nbd7 16. Bb2 Nb6 17. Nxe5 Rfe8 18. Kh2 Rad8 19. Rd1 Rxd1 20. Qxd1 Bd6 21. f4
Bc7 22. Qd4 Rd8 23. Qc3 Bxe5 24. fxe5 Ne8 25. h4 Nc7 26. Qxa5 Nba8 27. Qc3 Qe7
28. Rf2 Ne6 29. Rd2 Nac7 30. Rf2 Qd7 31. Qf3 Qe7 32. Bh3 c5 33. Qc3 b6 34. a5 b5
35. Qe3 Nd4 36. b4 Nce6 37. bxc5 Qxc5 38. Bxe6 Nxe6 39. Qf3 Rd7 40. Re2 Qb6 41.
axb6 1-0

[Event "Women's Speed Chess Q1"]
[Site "chess.com INT"]
[Date "2020.06.18"]
[Round "5"]
[White "Efimenko, Maria"]
[Black "Munkhzul, Turmunkh"]
[Result "0-1"]
[WhiteTitle "WIM"]
[BlackTitle "WIM"]
[WhiteElo "2245"]
[BlackElo "2278"]
[WhiteFideId "14124327"]
[BlackFideId "4901878"]
[EventDate "2020.06.18"]

1. e4 c5 2. c3 Nf6 3. e5 Nd5 4. d4 cxd4 5. cxd4 d6 6. Nf3 Nc6 7. Bc4 dxe5 8.
dxe5 Ndb4 9. Qe2 Bf5 10. O-O Bd3 11. Bxd3 Qxd3 12. Re1 Rd8 13. Na3 Qxe2 14. Rxe2
Rd1+ 15. Re1 Rxe1+ 16. Nxe1 Nxe5 17. Bd2 e6 18. Rc1 Nbc6 19. Nb5 a6 20. Nc3 Be7
21. b3 O-O 22. h3 Rd8 23. Be3 Ba3 24. Rb1 Bb4 25. Ne4 h6 26. Bb6 Rd7 27. f4 Nd3
28. Nxd3 Rxd3 29. Rc1 Ba3 30. Rc2 Rd1+ 31. Kh2 Kh7 32. Nc5 Bxc5 33. Bxc5 Kg6 34.
Be3 Kf5 35. Kg3 Ke4 36. Kf2 h5 37. Rc4+ Kf5 38. Rc5+ Rd5 39. Rc4 f6 40. Kf3 e5
41. g4+ hxg4+ 42. hxg4+ Ke6 43. f5+ Kd7 44. Ke4 Rd1 45. Rc2 Nb4 46. Rh2 Kc6 47.
a3 Nd5 48. Rc2+ Kd7 49. Rd2 Rxd2 50. Bxd2 Kc6 51. Kd3 Ne7 52. Ke4 Nc8 53. Bb4
Nd6+ 54. Ke3 Kd5 55. Bxd6 Kxd6 56. Ke4 Kc5 57. Ke3 Kd5 58. Kd3 e4+ 0-1

[Event "Women's Speed Chess Q1"]
[Site "chess.com INT"]
[Date "2020.06.18"]
[Round "5"]
[White "Rakhmangulova, Anastasiya"]
[Black "Papp, Petra"]
[Result "0-1"]
[WhiteTitle "WIM"]
[BlackTitle "WGM"]
[WhiteElo "2191"]
[BlackElo "2338"]
[WhiteFideId "14117479"]
[BlackFideId "739049"]
[EventDate "2020.06.18"]

1. e4 c6 2. Nf3 d5 3. Nc3 dxe4 4. Nxe4 Nf6 5. Qe2 Nxe4 6. Qxe4 Qa5 7. b4 Qf5 8.
d3 Qxe4+ 9. dxe4 f6 10. Be3 e5 11. c3 Be6 12. a4 Nd7 13. Nd2 Kf7 14. Bc4 a5 15.
Bxe6+ Kxe6 16. bxa5 Bc5 17. Rb1 Bxe3 18. fxe3 Nc5 19. Nc4 Ra7 20. Kd2 Nxe4+ 21.
Kc2 Rd8 22. Rhd1 Rd5 23. Rxd5 cxd5 24. Rb6+ Kd7 25. Nb2 Nd6 26. Kb3 Rxa5 27. Nd3
Kc7 28. Rb4 Nc4 29. e4 Nd2+ 30. Ka3 dxe4 31. Nc1 e3 32. Ne2 Rd5 33. Kb2 Nf1 34.
Kc1 Rd2 35. Rb2 Rxb2 36. Kxb2 Nxh2 37. Kc2 Ng4 38. Kd3 f5 39. Ng3 g6 40. Ne2 Kc6
41. Kc4 f4 42. Kd3 Nf6 43. Ng1 g5 44. Nf3 e4+ 0-1

[Event "Women's Speed Chess Q1"]
[Site "chess.com INT"]
[Date "2020.06.18"]
[Round "5"]
[White "Hoang, Thi Bao Tram"]
[Black "Sakorenko, Adriana"]
[Result "1-0"]
[WhiteTitle "WGM"]
[BlackTitle "WFM"]
[WhiteElo "2288"]
[BlackElo "2216"]
[WhiteFideId "12401102"]
[BlackFideId "34130249"]
[EventDate "2020.06.18"]

1. d4 d5 2. Nf3 Nf6 3. Bg5 c6 4. e3 Bf5 5. Nbd2 Nbd7 6. Be2 h6 7. Bh4 e6 8. O-O
Bd6 9. c4 O-O 10. Qb3 Qb6 11. Bg3 Bxg3 12. hxg3 Rfd8 13. cxd5 cxd5 14. Rfc1 Rdc8
15. Ne5 Qxb3 16. Nxb3 Nxe5 17. dxe5 Nd7 18. f4 a6 19. Na5 b6 20. Nb7 f6 21. exf6
gxf6 22. Nd6 Rxc1+ 23. Rxc1 Bg6 24. g4 Nc5 25. f5 Rd8 26. b4 Na4 27. fxg6 Rxd6
28. Bxa6 Kg7 29. Rc2 Kxg6 30. Bb5 1-0

[Event "Women's Speed Chess Q1"]
[Site "chess.com INT"]
[Date "2020.06.18"]
[Round "5"]
[White "Frattini, Beatriz Maria"]
[Black "Monteiro, Sara Cristina da Silva"]
[Result "1-0"]
[WhiteTitle "WCM"]
[BlackTitle "WCM"]
[WhiteElo "1868"]
[BlackElo "1709"]
[WhiteFideId "22715002"]
[BlackFideId "1909860"]
[EventDate "2020.06.18"]

1. e4 d5 2. exd5 Qxd5 3. Nc3 Qa5 4. d4 e5 5. dxe5 Bb4 6. Bd2 Nc6 7. Nf3 Bg4 8.
h3 Bxf3 9. Qxf3 Qxe5+ 10. Be2 O-O-O 11. O-O-O Nd4 12. Qe3 Qa5 13. Kb1 Nf6 14. a3
Bxa3 15. bxa3 Qxa3 16. Bc1 Qb4+ 17. Bb2 Rhe8 18. Qf4 c5 19. Bg4+ Nxg4 20. Qxg4+
f5 21. Qxg7 Re6 22. Na2 Qa4 23. Bxd4 cxd4 24. Rd3 Ra6 25. Qf7 Rb6+ 26. Rb3 Rc6
27. Qxf5+ Kb8 28. Qb5 Ra6 29. Qxb7# 1-0

[Event "Women's Speed Chess Q1"]
[Site "chess.com INT"]
[Date "2020.06.18"]
[Round "5"]
[White "Pham, Bich Ngoc"]
[Black "Munoz Monroy, Cinthya Carolina"]
[Result "1-0"]
[WhiteTitle "WIM"]
[BlackTitle "WFM"]
[WhiteElo "2235"]
[BlackElo "2007"]
[WhiteFideId "12401285"]
[BlackFideId "4407482"]
[EventDate "2020.06.18"]

1. g3 e5 2. Bg2 Nf6 3. d3 d5 4. Nc3 Bc5 5. e4 dxe4 6. Nxe4 Nxe4 7. Bxe4 Nc6 8.
Ne2 O-O 9. O-O f5 10. Bg2 Be6 11. Be3 Bd6 12. f4 Qe7 13. Kh1 Rad8 14. Qe1 Nb4
15. Qc3 Nd5 16. Qd2 Bc5 17. Bxc5 Qxc5 18. fxe5 Ne3 19. Nf4 Nxf1 20. Rxf1 Rde8
21. d4 Qb5 22. b3 c6 23. c4 Qb6 24. d5 cxd5 25. Nxe6 Rxe6 26. Bxd5 Kh8 27. Bxe6
Qxe6 28. Qd6 Qc8 29. e6 Rd8 30. Qe5 Qc6+ 31. Kg1 h6 32. e7 Re8 33. Rxf5 Qd7 34.
Rf7 Qd1+ 35. Kg2 Qd2+ 36. Rf2 Qd7 37. Rf8+ Kh7 38. Qe4+ g6 39. Rf7+ Kh8 40. Qe5+ 1-0

[Event "Women's Speed Chess Q1"]
[Site "chess.com INT"]
[Date "2020.06.18"]
[Round "5"]
[White "Gunina, Valentina"]
[Black "Sihite, Chelsie Monica Ignesias"]
[Result "1-0"]
[WhiteTitle "GM"]
[BlackTitle "WIM"]
[WhiteElo "2431"]
[BlackElo "2252"]
[WhiteFideId "4167570"]
[BlackFideId "7101198"]
[EventDate "2020.06.18"]

1. e4 e5 2. Nf3 Nc6 3. Bc4 Bc5 4. c3 Nf6 5. d4 exd4 6. e5 d5 7. Bb5 Ne4 8. cxd4
Bb4+ 9. Bd2 Nxd2 10. Nbxd2 O-O 11. a3 Bxd2+ 12. Qxd2 Bg4 13. Rc1 Bxf3 14. gxf3
Qh4 15. f4 f6 16. e6 Rae8 17. Qe3 f5 18. Bxc6 bxc6 19. Kd2 Rf6 20. Rxc6 Rg6 21.
Kc2 Rg4 22. Kb1 Rxf4 23. f3 Qh6 24. Rg1 Rh4 25. Qe5 Rh5 26. e7 Rg5 27. Qxd5+ Kh8
28. Re1 Qh5 29. Rxc7 h6 30. Rd7 f4 31. Qe4 Rb5 32. Re2 Rbb8 33. d5 Qg5 34. d6
Qg1+ 35. Ka2 Qb6 36. Qd5 Qa6 37. Rc2 Qa4 38. Rdc7 Rxb2+ 39. Rxb2 1-0

[Event "Women's Speed Chess Q1"]
[Site "chess.com INT"]
[Date "2020.06.18"]
[Round "5"]
[White "Golubenko, Valentina"]
[Black "Burtasova, Anna"]
[Result "0-1"]
[WhiteTitle "WGM"]
[BlackTitle "WGM"]
[WhiteElo "2209"]
[BlackElo "2261"]
[WhiteFideId "4501993"]
[BlackFideId "4150740"]
[EventDate "2020.06.18"]

1. d4 c5 2. d5 b5 3. g3 g6 4. Bg2 d6 5. c4 bxc4 6. Nc3 Bg7 7. e4 Nf6 8. Nge2 O-O
9. O-O Nbd7 10. f4 Rb8 11. Qc2 Nb6 12. Rd1 Ng4 13. h3 Nf6 14. a4 a5 15. Nb5 Ne8
16. Bd2 Nc7 17. Nxc7 Qxc7 18. Bxa5 Bd7 19. Nc3 Qa7 20. Bxb6 Qxb6 21. Rdb1 Qb3
22. Qxb3 cxb3 23. a5 c4 24. Bf1 Bxc3 25. bxc3 Bb5 26. a6 Ra8 27. a7 Rfc8 28.
Rxb3 cxb3 29. Bxb5 Rxc3 30. Kf2 b2 31. Rb1 Rb3 32. Bc4 Rb4 33. Bd3 Rxa7 34. Ke3
Ra1 35. Kd2 Rxb1 36. Bxb1 Rc4 37. Bc2 h5 38. h4 Kg7 39. Kd3 Rc5 40. Kd2 Kf6 41.
Kd3 e6 42. dxe6 fxe6 43. Kd2 Rb5 44. Bb1 Rb3 45. Kc2 Rxg3 46. Kxb2 Rh3 47. e5+
dxe5 48. fxe5+ Kxe5 49. Bxg6 Rxh4 50. Kc2 Kd4 51. Kd2 Rh2+ 52. Ke1 h4 53. Kf1 e5
54. Kg1 Ra2 55. Bf7 Rb2 56. Kf1 Ke3 57. Be6 Kf3 58. Bd5+ e4 59. Be6 Rb1# 0-1

[Event "Women's Speed Chess Q1"]
[Site "chess.com INT"]
[Date "2020.06.18"]
[Round "5"]
[White "Goltseva, Ekaterina"]
[Black "Shuvalova, Polina"]
[Result "0-1"]
[WhiteTitle "FM"]
[BlackTitle "WGM"]
[WhiteElo "2306"]
[BlackElo "2454"]
[WhiteFideId "24173770"]
[BlackFideId "24171760"]
[EventDate "2020.06.18"]

1. d4 Nf6 2. c4 e6 3. g3 d5 4. Bg2 Bb4+ 5. Bd2 Be7 6. Nf3 c6 7. O-O Nbd7 8. Qc2
b6 9. cxd5 cxd5 10. Rc1 O-O 11. a3 Bb7 12. Qd1 Rc8 13. Rxc8 Qxc8 14. Bb4 Re8 15.
Nc3 a5 16. Bxe7 Rxe7 17. Rc1 Qf8 18. e3 Ba6 19. Bf1 Bxf1 20. Qxf1 Re8 21. Na4
Rc8 22. Nd2 h5 23. h4 g6 24. Rc3 Rxc3 25. Nxc3 Qc8 26. Qb5 Ne8 27. Kg2 Nd6 28.
Qb3 Qc6 29. a4 Nc4 30. Nf3 Nd6 31. Nd2 Kg7 32. Kf1 Nf6 33. Ke2 Nfe4 34. Ndxe4
Nxe4 35. Nxe4 dxe4 36. Kd2 Kf6 37. Kd1 Kf5 38. Kd2 f6 39. Kd1 g5 40. Kd2 gxh4
41. gxh4 Qd6 42. Qd1 Kg6 43. Qg1+ Kf7 44. b3 Qd5 45. Kc2 Qf5 46. Kb2 Qh3 0-1

[Event "Women's Speed Chess Q1"]
[Site "chess.com INT"]
[Date "2020.06.18"]
[Round "5"]
[White "Swati, Mohota"]
[Black "Kanyamarala, Trisha"]
[Result "1/2-1/2"]
[WhiteTitle "WFM"]
[BlackTitle "WIM"]
[WhiteElo "2027"]
[BlackElo "2193"]
[WhiteFideId "5006511"]
[BlackFideId "45004722"]
[EventDate "2020.06.18"]

1. d4 Nf6 2. c4 e6 3. Bg5 d5 4. e3 Be7 5. Nc3 O-O 6. cxd5 Nxd5 7. Bxe7 Qxe7 8.
Nf3 c5 9. dxc5 Nxc3 10. bxc3 Qxc5 11. Qd4 Qa5 12. Qb4 Qc7 13. Bd3 g6 14. O-O Nc6
15. Qh4 f6 16. Rac1 e5 17. Bc4+ Kg7 18. Rfd1 Na5 19. Bd5 Bd7 20. Qb4 Bc6 21.
Bxc6 Nxc6 22. Qd6 Qxd6 23. Rxd6 Rfd8 24. Rcd1 Kf7 25. Rd7+ Ke8 26. Rxd8+ Rxd8
27. Rxd8+ Kxd8 28. Kf1 Kd7 29. Ke2 Kd6 30. Kd3 Kd5 31. e4+ Kc5 32. Nd2 a6 33.
Nb3+ Kb5 34. a4+ Kxa4 35. Nc5+ Kb5 36. Nxb7 a5 37. Nd6+ Kc5 38. Nb7+ Kb6 39. Nd6
Kc5 40. Nb7+ Kb6 41. Nd6 Kc5 1/2-1/2

[Event "Women's Speed Chess Q1"]
[Site "chess.com INT"]
[Date "2020.06.18"]
[Round "5"]
[White "Mrudul, Dehankar"]
[Black "Azhar, Puteri Munajjah Az-Zahraa"]
[Result "1-0"]
[WhiteTitle "WIM"]
[BlackTitle "WIM"]
[WhiteElo "2256"]
[BlackElo "2046"]
[WhiteFideId "25096990"]
[BlackFideId "5709040"]
[EventDate "2020.06.18"]

1. e4 c5 2. Nf3 d6 3. d4 cxd4 4. Nxd4 Nf6 5. Nc3 Nc6 6. Bg5 e6 7. Qd2 Be7 8.
O-O-O a6 9. f4 Qc7 10. Bxf6 gxf6 11. f5 Ne5 12. Kb1 Bd7 13. g3 Nc4 14. Qe2 b5
15. fxe6 Bxe6 16. Nxe6 fxe6 17. Bh3 Qd7 18. Nd5 Rb8 19. Bxe6 Qc6 20. Qh5+ Kd8
21. Nxe7 Kxe7 22. Qf7+ Kd8 23. Qxf6+ Kc7 24. Qe7+ Kb6 25. Bxc4 Qxc4 26. Rxd6+
Ka5 27. a3 Ra8 28. Qg5 Rhc8 29. Qd2+ b4 30. axb4+ Qxb4 31. Rd5+ Ka4 32. b3+ 1-0

[Event "Women's Speed Chess Q1"]
[Site "chess.com INT"]
[Date "2020.06.18"]
[Round "5"]
[White "Mendoza, Beverly"]
[Black "Lee, Dariya"]
[Result "1-0"]
[WhiteTitle "WIM"]
[BlackTitle "WCM"]
[WhiteElo "1945"]
[BlackElo "1523"]
[WhiteFideId "5201250"]
[BlackFideId "13801651"]
[EventDate "2020.06.18"]

1. d4 d5 2. Nf3 Nf6 3. Bf4 g6 4. Nc3 Bg7 5. Qd2 O-O 6. Bh6 Bf5 7. h3 Nbd7 8. g4
Be4 9. O-O-O c5 10. Bxg7 Kxg7 11. Qf4 cxd4 12. Nxe4 dxe4 13. Ne5 Nc5 14. g5 Nd5
15. Qh4 Nb4 16. Kb1 Qa5 17. a3 Nd5 18. Rxd4 e6 19. Bg2 Na4 20. Qh6+ Kg8 21. Ng4
f5 22. gxf6 Nxf6 23. Nxf6+ Rxf6 24. Rd7 Nc3+ 25. Ka1 Rf7 26. Rxf7 Kxf7 27. Qxh7+
Kf6 28. Qh4+ Kg7 29. Qe7+ Kh6 30. bxc3 Qxc3+ 31. Kb1 Rc8 32. Bxe4 Qd4 33. Qh4+
Kg7 34. Qe7+ Kh6 35. Qxe6 Rc6 36. Bxc6 bxc6 37. Qe3+ Qxe3 38. fxe3 Kg5 39. Rg1+ 1-0

[Event "Women's Speed Chess Q1"]
[Site "chess.com INT"]
[Date "2020.06.18"]
[Round "5"]
[White "Gvanceladze, Anna"]
[Black "Huda, Maryana"]
[Result "0-1"]
[WhiteTitle "WFM"]
[BlackTitle "WGM"]
[WhiteElo "2254"]
[BlackElo "2128"]
[WhiteFideId "4113721"]
[BlackFideId "14116553"]
[EventDate "2020.06.18"]

1. Nf3 d5 2. d4 Nf6 3. g3 Bf5 4. Bg2 e6 5. Nbd2 h6 6. c3 c5 7. Qb3 Qb6 8. O-O
Nc6 9. Qxb6 axb6 10. b3 cxd4 11. Nxd4 Nxd4 12. cxd4 Bb4 13. a3 Bc3 14. Ra2 Bxd4
15. Nf3 Bc5 16. Bb2 Ke7 17. Raa1 Rhc8 18. b4 Bd6 19. Bd4 b5 20. Rfd1 g5 21. h3
Ne4 22. Be3 Nc3 23. Rd2 e5 24. g4 Be4 25. h4 f6 26. hxg5 hxg5 27. Ne1 d4 28.
Bxd4 exd4 29. Bxe4 Nxe4 30. Rxd4 Rc4 31. Rd5 Nc3 32. Rd3 Rxg4+ 33. Kf1 Rc4 34.
Nf3 Rh8 35. e3 Rh1+ 36. Ng1 Bh2 37. Kg2 Rxg1+ 38. Rxg1 Bxg1 39. Kxg1 Nb1 40. Kg2
Rc3 41. Rd5 Nxa3 42. Kf3 Rc4 43. e4 Rxb4 0-1

[Event "Women's Speed Chess Q1"]
[Site "chess.com INT"]
[Date "2020.06.18"]
[Round "5"]
[White "Cagara, Paulina"]
[Black "Zavivaeva, Emilia"]
[Result "1-0"]
[BlackTitle "WCM"]
[WhiteElo "2054"]
[BlackElo "1735"]
[WhiteFideId "1124870"]
[BlackFideId "34127531"]
[EventDate "2020.06.18"]

1. e4 c5 2. Nc3 e6 3. f4 Nc6 4. Nf3 d5 5. Bb5 a6 6. Bxc6+ bxc6 7. d3 Ne7 8. O-O
Ng6 9. Qe1 Be7 10. Nd1 O-O 11. Ne3 Nxf4 12. Ne5 Qd6 13. Rxf4 Qxe5 14. Ng4 Qc7
15. e5 f6 16. Qg3 fxe5 17. Nh6+ Kh8 18. Rf7 Rxf7 19. Nxf7+ Kg8 20. Nxe5 Bd6 21.
Bf4 Bb7 22. Re1 Rf8 23. Qg4 Bc8 24. Bg3 c4 25. d4 c5 26. c3 cxd4 27. cxd4 Qb6
28. Kh1 Qxb2 29. Qg5 Qc3 30. Rd1 Qc2 31. Rg1 Qxa2 32. h4 c3 33. h5 Qd2 34. Qg4
a5 35. Nf3 Qe3 36. Bxd6 Rf6 37. Be5 Rf7 38. Ng5 Re7 39. Nh3 c2 40. Bf4 Qd3 41.
Bc1 a4 42. h6 g6 43. Nf4 Rf7 44. Nxd3 1-0

[Event "Women's Speed Chess Q1"]
[Site "chess.com INT"]
[Date "2020.06.18"]
[Round "5"]
[White "Batsiashvili, Nino"]
[Black "Dauletova, Gulmira"]
[Result "1-0"]
[WhiteTitle "GM"]
[BlackTitle "WIM"]
[WhiteElo "2457"]
[BlackElo "2319"]
[WhiteFideId "13602993"]
[BlackFideId "13702971"]
[EventDate "2020.06.18"]

1. d4 Nf6 2. Nf3 d5 3. Bf4 c5 4. e3 Nc6 5. Nbd2 Qb6 6. dxc5 Qxb2 7. Rb1 Qc3 8.
Bb5 e6 9. O-O Be7 10. e4 O-O 11. e5 Nh5 12. Rb3 Qxc5 13. Be3 d4 14. Nxd4 Nxd4
15. Qxh5 g6 16. Qg4 Rd8 17. c3 Nxb3 18. Bxc5 Nxc5 19. Ne4 Nxe4 20. Qxe4 a6 21.
Ba4 Rb8 22. Qe3 b5 23. Bc2 Bb7 24. h4 Bd5 25. h5 Bxa2 26. Ra1 Bc4 27. Rxa6 Rdc8
28. h6 b4 29. Ra7 Bc5 30. Qf4 Bxa7 31. Qf6 Kf8 32. Bxg6 Rc7 33. Bxh7 bxc3 34.
Bc2 1-0

[Event "Women's Speed Chess Q1"]
[Site "chess.com INT"]
[Date "2020.06.18"]
[Round "5"]
[White "Michelle Catherina, P"]
[Black "Goryachkina, Aleksandra"]
[Result "0-1"]
[WhiteTitle "WIM"]
[BlackTitle "GM"]
[WhiteElo "2176"]
[BlackElo "2582"]
[WhiteFideId "5005736"]
[BlackFideId "4147103"]
[EventDate "2020.06.18"]

1. e4 e6 2. d4 d5 3. Bd3 dxe4 4. Bxe4 Nf6 5. Bf3 Nbd7 6. Ne2 Bd6 7. Nbc3 O-O 8.
Bg5 h6 9. Be3 e5 10. Qd2 Re8 11. g3 exd4 12. Nxd4 Ne5 13. Be2 Bb4 14. O-O Ne4
15. Qe1 Bh3 16. Rd1 Qc8 17. Nf3 Bxf1 18. Qxf1 Nxf3+ 19. Bxf3 Nxc3 20. bxc3 Bxc3
21. Qc4 Bf6 22. Bg4 Qb8 23. Rd7 Re7 24. Rxe7 Bxe7 25. Bh5 Qf8 26. Qxc7 b6 27.
Qb7 g6 28. Bf3 Rc8 29. Bxh6 Qe8 30. Qxa7 Bc5 31. Bd2 Qe5 32. Qb7 Rd8 0-1

[Event "Women's Speed Chess Q1"]
[Site "chess.com INT"]
[Date "2020.06.18"]
[Round "5"]
[White "Stefanova, Antoaneta"]
[Black "Divya, Deshmukh"]
[Result "1-0"]
[WhiteTitle "GM"]
[BlackTitle "WIM"]
[WhiteElo "2462"]
[BlackElo "2305"]
[WhiteFideId "2902257"]
[BlackFideId "35006916"]
[EventDate "2020.06.18"]

1. d4 Nf6 2. Nf3 e6 3. e3 b6 4. Bd3 Bb7 5. O-O Be7 6. c4 d6 7. Nc3 Nbd7 8. a4 a5
9. Bc2 e5 10. d5 Nc5 11. h3 h6 12. Nh2 O-O 13. f4 Nfd7 14. Nf3 Bf6 15. f5 e4 16.
Nxe4 Nxe4 17. Bxe4 Nc5 18. Bc2 Ba6 19. Bd3 Re8 20. Nd4 Bxd4 21. exd4 Nxd3 22.
Qxd3 Qf6 23. Bd2 Re7 24. b3 Rae8 25. Rae1 Bc8 26. Rxe7 Rxe7 27. g4 Qh4 28. Kg2
Bd7 29. Rf3 c6 30. dxc6 Bxc6 31. d5 Bd7 32. Re3 Rxe3 33. Qxe3 Qd8 34. Bc3 Kh7
35. Bd4 g6 36. fxg6+ fxg6 37. Bxb6 Qf8 38. Bxa5 h5 39. gxh5 gxh5 40. Bc3 Qf7 41.
Qe4+ Bf5 42. Qf3 Qg6+ 43. Qg3 Be4+ 44. Kh2 Qf7 45. a5 h4 46. Qxh4+ Kg6 47. Qxe4+
Kh6 1-0

[Event "Women's Speed Chess Q1"]
[Site "chess.com INT"]
[Date "2020.06.18"]
[Round "5"]
[White "Tarleva, Vira"]
[Black "Vifleemskaia, Svetlana"]
[Result "0-1"]
[WhiteTitle "WFM"]
[BlackTitle "WFM"]
[WhiteElo "2030"]
[BlackElo "1943"]
[WhiteFideId "14116693"]
[BlackFideId "4129490"]
[EventDate "2020.06.18"]

1. e4 e5 2. Nf3 Nc6 3. d4 exd4 4. Bc4 Nf6 5. O-O Nxe4 6. Re1 d5 7. Bxd5 Qxd5 8.
Nc3 Qa5 9. Nxe4 Be7 10. Bd2 Qf5 11. Bg5 f6 12. Nh4 Qa5 13. Qh5+ Kd8 14. Ng6 Re8
15. Nxe7 Rxe7 16. Qxh7 fxg5 17. Qg8+ Re8 18. Qxg7 Qe5 19. Qf7 Be6 20. Qh5 Bd7
21. g3 Qh8 22. Qxg5+ Kc8 23. Nf6 Rd8 24. Re2 b6 25. Nxd7 Rxd7 26. Qf5 Qd8 27.
Re6 Kb7 28. Qe4 Rd6 29. Rxd6 Qxd6 30. b4 a6 0-1